000 00942nam a2200289 a 4500
001 59591
003 BD-RjUL
005 20211209080740.0
008 161226t19831982mnu | 001 0 eng
020 _a0314675949
035 _a(BD-RjUL)59715
040 _aDLC
_cDLC
_dDLC
_dBD-RjUL
_beng
041 _aeng
082 0 0 _a347.736
_223
_bLEM 1983
100 1 _aLempert, Richard O.
_9177258
245 1 2 _aA modern approach to evidence :
_btext, problems, transcripts, and cases /
_cby Richard O. Lempert and Stephen A. Saltzburg.
250 _a2nd ed.
260 _aSt. Paul, Minn. :
_bWest Pub. Co.,
_c1982, c1983.
300 _alvii, 1232 p. ;
_c26 cm.
500 _aIncludes index.
650 0 _aEvidence (Law)
_zUnited States
_xCases.
_9177260
700 1 _aSaltzburg, Stephen A.
_9177261
830 _aAmerican casebook series
_9177259
942 _2ddc
_cBK
999 _c59591
_d59591